| 000 | 00510nam a2200205Ia 4500 | ||
|---|---|---|---|
| 008 | 160303s9999 xx 000 0 und d | ||
| 020 | _a971-914401-7 | ||
| 050 | _aFIL BC 71 | ||
| 050 | _b.C36 1992 | ||
| 100 | _aCamacho, Magdaleno T., Jr. | ||
| 245 | _aIntroduction to logic / | ||
| 245 | _cMagdaleno T. Camacho, Jr. | ||
| 260 | _aManila: | ||
| 260 | _bASt. Anthony Book Service, | ||
| 260 | _c1992 | ||
| 300 | _a299 pages : | ||
| 300 | _billustrations ; | ||
| 300 | _c22 cm. | ||
| 650 | _aLogic. | ||
| 999 |
_c291167 _d291167 |
||